Central Library OPAC University of Rajshahi

John Dryden : (Record no. 77270)

MARC details
000 -LEADER
fixed length control field 00663nam a2200217 a 4500
001 - CONTROL NUMBER
control field 77270
003 - CONTROL NUMBER IDENTIFIER
rucl marc code BD-RjUL
005 - DATE AND TIME OF LATEST TRANSACTION
control field 20211209082943.0
008 - FIXED-LENGTH DATA ELEMENTS--GENERAL INFORMATION
fixed length control field 200309s1954 caua b 001 0beng
035 ## - SYSTEM CONTROL NUMBER
System control number (BD-RjUL)
040 ## - CATALOGING SOURCE
Original cataloging agency DLC
Transcribing agency DLC
Modifying agency BD-RjUL
Language of cataloging eng
041 ## - LANGUAGE CODE
Language code of text/sound track or separate title eng
082 00 - DEWEY DECIMAL CLASSIFICATION NUMBER
Classification number 821.4
Edition number 23
Author mark and year YOJ 1954
100 ## - MAIN ENTRY--PERSONAL NAME
Personal name Young, Kenneth
9 (RLIN) 193934
245 10 - TITLE STATEMENT
Title John Dryden :
Remainder of title a Critical biography /
Statement of responsibility, etc. Kenneth Young
260 ## - PUBLICATION, DISTRIBUTION, ETC. (IMPRINT)
Place of publication, distribution, etc. london :
Name of publisher, distributor, etc. sylvan press,
Date of publication, distribution, etc. 1954
300 ## - PHYSICAL DESCRIPTION
Pagination vii, 240 p. :
Illustrations ill. ;
Size 23 cm.
504 ## - BIBLIOGRAPHY, ETC. NOTE
Bibliography, etc Includes bibliographical references and index
600 10 - SUBJECT ADDED ENTRY--PERSONAL NAME
Personal name Dryden, John,
Dates associated with a name 1631-1700
General subdivision Criticism and interpretation.
942 ## - ADDED ENTRY ELEMENTS (KOHA)
Source of classification or shelving scheme Dewey Decimal Classification
Koha item type Books
Holdings
Lost status Source of classification or shelving scheme Damaged status Not for loan Collection code Permanent Location Current Location Shelving location Date acquired Total Checkouts Full call number Date last seen Copy number Koha item type
  Dewey Decimal Classification     Non-fiction Central Library, University of Rajshahi Central Library, University of Rajshahi   09/03/2020   821.4 YOJ 1954 09/03/2020 C-2 Books